Welches Bundesland? #1 - Statistiken

Allgemein
  • Dieses Quiz wurde 245 mal gespielt
  • Das Durchschnittsergebnis liegt bei 6 aus 16
Antwortstatistiken
Hint Antwort % Korrekt
Jeder Ort dieses Bundeslandes liegt an der Weser Bremen
68%
Östlichstes Bundesland Sachsen
62%
Hier liegt der meistbesuchte Freizeitpark Deutschlands Baden-Württemberg
59%
Geringste Bevölkerungsdichte Mecklenburg-Vorpommern
56%
Hat ein Pferd auf dem Wappen (und sonst nichts) Niedersachsen
52%
Hier steht das höchste Bauwerk Deutschlands Berlin
48%
Hier wurde als letztes die Prügelstrafe an Schulen abgeschafft Bayern
42%
Hier liegt das Neandertal Nordrhein-Westfalen
40%
Hier wohnt Herr von Ribbeck auf Ribbeck Brandenburg
36%
Wiederholt glücklichstes Bundesland Schleswig-Holstein
28%
Größter Bevölkerungsunterschied zwischen Hauptstadt und größter Stadt Hessen
25%
Kleinste größte Stadt Saarland
24%
Nördlichster südlichster Punkt Hamburg
22%
Hier liegt der höchste Berg Norddeutschlands Sachsen-Anhalt
18%
Hier ist der Weltkindertag ein gesetzlicher Feiertag Thüringen
17%
Besitzt die meisten Landgrenzen zu anderen Staaten Rheinland-Pfalz
10%
Keine übereinstimmenden Quizze gefunden
Verteilung der Resultate
Anzahl Personen mit jedem Resultat
Perzentil nach korrekt beantworteten Fragen
Ihre Resultats-Entwicklung
Sie haben dieses Quiz noch nicht gespielt